[Event "Montreal Transcontinental ABCDEFG"]
[Site "Montreal"]
[Date "2016.12.10"]
[Round "2"]
[White "Choudari, Prabhas"]
[Black "Tesar, Mathias"]
[Result "1-0"]
[WhiteElo "1302"]
[BlackElo "1304"]
[PlyCount "71"]
[EventDate "2016.12.09"]
[EventType "swiss"]
[EventRounds "5"]
[EventCountry "CAN"]
[SourceTitle "EXT 2022"]
[Source "ChessBase"]
[SourceDate "2021.10.06"]
[SourceVersion "1"]
[SourceVersionDate "2021.10.06"]
[SourceQuality "1"]

1. e4 c5 2. Nf3 d6 3. d4 cxd4 4. Nxd4 Nf6 5. Nc3 a6 6. f3 e6 7. Be3 e5 8. Nb3 Be7 9. Qd2 0-0 10. 0-0-0 Be6 11. Kb1 Nbd7 12. Qf2 Qc7 13. g4 b5 14. h4 Rfb8 15. h5 Nb6 16. g5 Nfd7 17. Bh3 Na4 18. Nd5 Bxd5 19. exd5 Ndb6 20. g6 fxg6 21. hxg6 h6 22. Be6+ Kf8 23. Bf7 Nc4 24. Rxh6 Bf6 25. Rh8+ Ke7 26. Rxb8 Rxb8 27. Bc1 Na3+ 28. bxa3 Nc3+ 29. Ka1 Nxd1 30. Qd2 e4+ 31. Nd4 Nc3 32. Bb2 Bxd4 33. Qxd4 Rc8 34. Qxg7 e3 35. Be6+ Kd8 36. Qf8# 1-0